Seniorom a zdravotne postihnutým občanom pomôže aj prepravná služba

Bibliographic Details
Format: Article
Language:Slovak
Subjects:

MARC

LEADER 00000nab a2200000 ar4500
001 vtls009455659
003 SK-MaSNL
005 20260305041957.0
008 081216c2008 xo cr|p|||||||000 b|slo
038 |a PPPK 
040 |a PPPKCL  |b slo  |c PPPK  |e AACR2 
041 0 |a slo 
044 |a xo  |c SK 
080 |a 352.9:364-78  |2 2001 
080 |a 364-7:316.344.6-056.26/.3  |2 2001 
245 0 0 |a Seniorom a zdravotne postihnutým občanom pomôže aj prepravná služba  |c [autor] (osv) 
610 1 7 |a Poprad (Slovensko).  |b Mestský úrad.  |b Sociálny odbor  |2 pppkcl 
650 0 7 |a sociálna práca  |2 pppkcl  |9 1550 
650 0 7 |a sociálne služby  |2 pppkcl  |9 3721 
650 0 7 |a zdravotne postihnuté osoby  |2 pppkcl  |9 1249 
650 0 7 |a prepravné služby  |2 pppkcl  |9 770334 
651 7 |a Poprad (Slovensko)  |2 pppkcl  |9 20155 
773 0 |t Poprad : noviny občanov mesta  |g Roč. XIX, č. 81 (2008), s. 3 
852 |a PPPK  |b KIS3GCP 
999 |c 3345736  |d 3347666